Search the Library Catalogue
| 000 -LEADER | |
|---|---|
| fixed length control field | 01480nam a22001817a 4500 |
| 008 - FIXED-LENGTH DATA ELEMENTS--GENERAL INFORMATION | |
| fixed length control field | 260107b |||||||| |||| 00| 0 eng d |
| 020 ## - INTERNATIONAL STANDARD BOOK NUMBER | |
| ISBN | 9780534646295 |
| Paper back/Hardbound | pbk |
| 041 ## - LANGUAGE CODE | |
| Language code of text/sound track or separate title | eng |
| 082 ## - DEWEY DECIMAL CLASSIFICATION NUMBER | |
| Classification number | 301 |
| Item number | KEN |
| 100 ## - MAIN ENTRY--AUTHOR NAME | |
| Personal name | Kendall, Diana |
| 245 ## - TITLE STATEMENT | |
| Title | Sociology in Our Times: The Essentials |
| Statement of responsibility, etc | Diana Kendall |
| 260 ## - PUBLICATION, DISTRIBUTION, ETC. (IMPRINT) | |
| Place of publication | United Kingdom |
| Name of publisher | Cengage Learning |
| Year of publication | 2006 |
| 300 ## - PHYSICAL DESCRIPTION | |
| Number of Pages | 592 p. |
| Dimensions | 26 cm. |
| 520 ## - SUMMARY, ETC. | |
| Summary, etc | This mainstream, best-selling text is noted for its especially strong integration of compelling and engaging "Lived Experiences" - extended examples that focus on various social issues to illustrate chapter coverage. These extended examples are introduced with the social issue or application that opens each chapter and are then carried throughout the chapter in various boxes, features, and exercises. Kendall's text is also known for its exceptional coverage of current social issues, along with its integration of race, class, gender, and age perspectives. The author includes diverse theoretical viewpoints, including feminist theory. The author's vivid, applied, personal writing style engages students, and her compelling everyday examples make sociology particularly relevant to the diverse student population of today. The author shows students that sociology involves important questions and issues that they confront both personally and vicariously. |
| 650 ## - SUBJECT ADDED ENTRY--TOPICAL TERM | |
| Topical Term | Social inequality; Social Institutions; Social change |
| 942 ## - ADDED ENTRY ELEMENTS (KOHA) | |
| Koha item type | English Books |
| Withdrawn status | Lost status | Damaged status | Not for loan | Home library | Current library | Shelving location | Date acquired | Full call number | Accession Number | Price effective from | Koha item type |
|---|---|---|---|---|---|---|---|---|---|---|---|
| Anna Centenary Library | Anna Centenary Library | 3RD FLOOR, B WING | 31.12.2010 | 301 KEN | 477862 | 07.01.2026 | English Books |